000 00647nam a2200193Ia 4500
008 151121s9999||||xx |||||||||||||| ||und||
082 _a814/भट
082 _bHNW-75513
100 _aभट रवींद्र
245 _aयोगसुखाचे सोहळे
260 _b"दिलीपराज प्रकाशन प्रा। लि।, पुणे।"
260 _c--
300 _a72
600 _aभट रवींद्र
630 _aयोगसुखाचे सोहळे
700 _aभट रवींद्र
730 _aयोगसुखाचे सोहळे
942 _cBOOK
999 _c1256950
_d1256947